|
|
|
|
| LEADER |
00000nam0a2200000 4500 |
| 001 |
104884 |
| 005 |
20231031114202.0 |
| 010 |
|
|
|a 5020170038
|
| 035 |
|
|
|a (RuTPU)RU\TPU\book\113098
|
| 090 |
|
|
|a 104884
|
| 100 |
|
|
|a 20061109d1989 m y0rusy50 ca
|
| 101 |
0 |
|
|a rus
|
| 102 |
|
|
|a RU
|
| 105 |
|
|
|a y a 001zy
|
| 200 |
1 |
|
|a Литература о странах Азии, Африки и Океании
|e ежегодник 1983
|
| 210 |
|
|
|a Москва
|c Наука
|c Главная редакция восточной литературы
|d 1989
|
| 215 |
|
|
|a 748 с.
|
| 320 |
|
|
|a Алф. указ. авт., сост., редакторов, переводчиков и заглавий работ, описанных не на автора: с. 601 - 744.
|
| 600 |
|
1 |
|a Мухаммад ибн Муса ал-Хорезми
|
| 610 |
1 |
|
|a страноведение
|
| 610 |
1 |
|
|a востоковедение
|
| 610 |
1 |
|
|a Азия
|
| 610 |
1 |
|
|a Африка
|
| 610 |
1 |
|
|a Океания
|
| 610 |
1 |
|
|a география
|
| 610 |
1 |
|
|a геология
|
| 610 |
1 |
|
|a путешествия
|
| 610 |
1 |
|
|a путевые очерки
|
| 610 |
1 |
|
|a демография
|
| 610 |
1 |
|
|a идеология
|
| 610 |
1 |
|
|a социальная структура
|
| 610 |
1 |
|
|a общественная жизнь
|
| 610 |
1 |
|
|a рабочее движение
|
| 610 |
1 |
|
|a профсоюзы
|
| 610 |
1 |
|
|a национально-освободительное движение
|
| 610 |
1 |
|
|a государственный строй
|
| 610 |
1 |
|
|a право
|
| 610 |
1 |
|
|a международные отношения
|
| 610 |
1 |
|
|a экономика
|
| 610 |
1 |
|
|a окружающая среда
|
| 610 |
1 |
|
|a здравоохранение
|
| 610 |
1 |
|
|a спорт
|
| 610 |
1 |
|
|a история
|
| 610 |
1 |
|
|a этнография
|
| 610 |
1 |
|
|a философия
|
| 610 |
1 |
|
|a религия
|
| 610 |
1 |
|
|a буддизм
|
| 610 |
1 |
|
|a ислам
|
| 610 |
1 |
|
|a христианство
|
| 610 |
1 |
|
|a культура
|
| 610 |
1 |
|
|a литература
|
| 610 |
1 |
|
|a искусство
|
| 610 |
1 |
|
|a наука
|
| 610 |
1 |
|
|a образование
|
| 610 |
1 |
|
|a языки
|
| 610 |
1 |
|
|a алтаистика
|
| 610 |
1 |
|
|a тюркология
|
| 610 |
1 |
|
|a Древний Восток
|
| 610 |
1 |
|
|a Иран
|
| 610 |
1 |
|
|a Передняя Азия
|
| 610 |
1 |
|
|a Северная Африка
|
| 610 |
1 |
|
|a Ближний Восток
|
| 610 |
1 |
|
|a Средний Восток
|
| 610 |
1 |
|
|a письменность
|
| 610 |
1 |
|
|a иранские языки
|
| 610 |
1 |
|
|a афразийские языки
|
| 610 |
1 |
|
|a арабский язык
|
| 610 |
1 |
|
|a курдоведение
|
| 610 |
1 |
|
|a арабские страны
|
| 610 |
1 |
|
|a Алжир
|
| 610 |
1 |
|
|a Бахрейн
|
| 610 |
1 |
|
|a Египет
|
| 610 |
1 |
|
|a Иордания
|
| 610 |
1 |
|
|a Ирак
|
| 610 |
1 |
|
|a Йеменская Арабская Республика
|
| 610 |
1 |
|
|a Кувейт
|
| 610 |
1 |
|
|a Ливан
|
| 610 |
1 |
|
|a Ливия
|
| 610 |
1 |
|
|a Марокко
|
| 610 |
1 |
|
|a Народная Демократическая Республика Йемен
|
| 610 |
1 |
|
|a Объединенные Арабские Эмираты
|
| 610 |
1 |
|
|a Оман
|
| 610 |
1 |
|
|a Саудовская Аравия
|
| 610 |
1 |
|
|a Сирия
|
| 610 |
1 |
|
|a Судан
|
| 610 |
1 |
|
|a Тунис
|
| 610 |
1 |
|
|a Афганистан
|
| 610 |
1 |
|
|a Израиль
|
| 610 |
1 |
|
|a Иран
|
| 610 |
1 |
|
|a Кипр
|
| 610 |
1 |
|
|a Турция
|
| 610 |
1 |
|
|a африканистика
|
| 610 |
1 |
|
|a Южная Азия
|
| 610 |
1 |
|
|a Юго-восточная Азия
|
| 610 |
1 |
|
|a Бангладеш
|
| 610 |
1 |
|
|a Бирма
|
| 610 |
1 |
|
|a Вьетнам
|
| 610 |
1 |
|
|a Индия
|
| 610 |
1 |
|
|a Индонезия
|
| 610 |
1 |
|
|a Дальний Восток
|
| 610 |
1 |
|
|a Китай
|
| 610 |
1 |
|
|a китаеведение
|
| 610 |
1 |
|
|a Корея
|
| 610 |
1 |
|
|a Монголия
|
| 610 |
1 |
|
|a Сянган
|
| 610 |
1 |
|
|a Гонконг
|
| 610 |
1 |
|
|a Япония
|
| 610 |
1 |
|
|a библиографические указатели
|
| 610 |
1 |
|
|a охрана
|
| 675 |
|
|
|a 9
|v 3
|
| 686 |
|
|
|a Я19
|v LBC/SL-A
|2 rubbk
|
| 801 |
|
1 |
|a RU
|b 63413507
|c 20061109
|g PSBO
|
| 801 |
|
2 |
|a RU
|b 63413507
|c 20171009
|g PSBO
|
| 942 |
|
|
|c BK
|